000
00211 a2200097 4500
001
18210
100
_a
Doyle, S A
245
_a
Great adven of sherlock holmes
260
_a
_b
W S Press
_c
090
_c
13504
_d
13504
942
_a
NUST-CAE
_c
M
_c
3897
999
_c
253283
_d
253283